000 00220 a2200109 4500
001 44122
040 _cAnchieta - Aquarius
240 1 0 _aPeixinhos do mar
_l
245 1 0 _aPeixinhos do mar
650 4 _aMúsica
942 _cMU
999 _c44122
_d44122